لماذا الأنفاق مستديرة و غيرها من الأسئله حول البناء / (رقم التسجيلة. 31709)

تفاصيل مارك
000 -LEADER
fixed length control field 00678nam a22002057a 4500
005 - DATE AND TIME OF LATEST TRANSACTION
control field 20251108165813.0
008 - FIXED-LENGTH DATA ELEMENTS--GENERAL INFORMATION
fixed length control field 250721s1997 xx 000 0 ara d
082 14 - DEWEY DECIMAL CLASSIFICATION NUMBER
Classification number ط/624.2/بار
100 1# - MAIN ENTRY--PERSONAL NAME
Personal name باركر، ستيف
245 10 - TITLE STATEMENT
Title لماذا الأنفاق مستديرة و غيرها من الأسئله حول البناء /
264 1# - PRODUCTION, PUBLICATION, DISTRIBUTION, MANUFACTURE, AND COPYRIGHT NOTICE
Place of production, publication, distribution, manufacture بيروت :
Name of producer, publisher, distributor, manufacturer الدار العربية للعلوم،
Date of production, publication, distribution, manufacture, or copyright notice 1997.
300 ## - PHYSICAL DESCRIPTION
Extent 31ص:مص
490 0# - SERIES STATEMENT
Series statement لماذا ؟
650 17 - SUBJECT ADDED ENTRY--TOPICAL TERM
Topical term or geographic name as entry element الجسور
650 17 - SUBJECT ADDED ENTRY--TOPICAL TERM
Topical term or geographic name as entry element الأنفاق
653 ## - INDEX TERM--UNCONTROLLED
Uncontrolled term أطفال مرحلة متوسطة (6-9 سنوات)
700 1# - ADDED ENTRY--PERSONAL NAME
Personal name سماحه، ناتالي
Relator term Tran.
942 ## - ADDED ENTRY ELEMENTS (KOHA)
Source of classification or shelving scheme Dewey Decimal Classification
Koha item type كتب
المقتنيات
حالة السحب حالة الفقدان مصدر التصنيف حالة التلف غير قابل للإعارة المكتبة الرئيسية المكتبة الحالية موقع الرف تاريخ التزويد الرقم المتسلسل Total Checkouts رقم الإستدعاء تاريخ آخر ظهور تاريخ الفاتورة نوع المادة (كوها) الباركود
    Dewey Decimal Classification     المكتبة المركزية المكتبة المركزية الأطفال 01/11/2010 1457757   ط/624.2/بار 28/07/2025 01/11/2010 كتب PLD00165945
    Dewey Decimal Classification     مكتبة البشائر للأطفال مكتبة البشائر للأطفال الإعارة 28/07/2025 526848   ط/624.2/بار 28/07/2025 28/07/2025 كتب 526848
    Dewey Decimal Classification     مكتبة قتيبة للأطفال مكتبة قتيبة للأطفال الأطفال 01/03/2018 1667570   ط/624.2/بار 28/07/2025 01/03/2018 كتب PLD00418114
    Dewey Decimal Classification     مكتبة الأميرة سلمى مكتبة الأميرة سلمى الإعارة 28/07/2025 568205   ط/624.2/بار 28/07/2025 28/07/2025 كتب 568205
    Dewey Decimal Classification     مكتبة الأميرة سلمى مكتبة الأميرة سلمى الإعارة 28/07/2025 567913   ط/624.2/بار 28/07/2025 28/07/2025 كتب DUP-01_567913
    Dewey Decimal Classification     مكتبة الياسمين للأطفال مكتبة الياسمين للأطفال   28/07/2025 557788   ط/624.2/بار 28/07/2025 28/07/2025 كتب  
    Dewey Decimal Classification     مكتبة الياسمين للأطفال مكتبة الياسمين للأطفال الأطفال 25/03/2014 556616   ط/624.2/بار 28/07/2025 25/03/2014 كتب PLD00296575
    Dewey Decimal Classification     مكتبة الياسمين للأطفال مكتبة الياسمين للأطفال الأطفال 27/03/2014 565404   ط/624.2/بار 28/07/2025 27/03/2014 كتب PLD00297022
    Dewey Decimal Classification     مكتبة بدر للأطفال مكتبة بدر للأطفال الأطفال 10/08/2022 268246   ط/624.2/بار 28/07/2025 10/08/2022 كتب PLD00498652
    Dewey Decimal Classification Unchecked   مكتبة حمزة العامة مكتبة حمزة العامة الأطفال 06/07/2004 3233   ط/624.2/بار 28/07/2025 06/07/2004 كتب  
    Dewey Decimal Classification Unchecked   مكتبة صويلح العامة مكتبة صويلح العامة الأطفال 06/07/2004 6550   ط/624.2/بار 28/07/2025 06/07/2004 كتب  
    Dewey Decimal Classification     مكتبة مرج الحمام مكتبة مرج الحمام الأطفال 28/07/2025 1136732   ط/624.2/بار 28/07/2025 28/07/2025 كتب 1136732
Implemented & Customized by: BBB with SCIT (Smart Chains for Information Technology)

Powered by Koha